000 00500 a2200169 4500
003 OSt
005 20240207114724.0
008 240207b |||||||| |||| 00| 0 eng d
020 _a8188015407
040 _coclc
082 _a894.8124
_bVAN/S
100 _aVanimel, Kunhikannan
_96946
245 _aSangeethame Jeevitham /
_cKunhikannan Vanimel
250 _a3rd ed.
260 _aKozhikode:
_bLIPIP ublications,
_c2022.
942 _2ddc
_cBK
_h894.8124
_iVAN/S
_k894.8124
_mVAN/S
999 _c44343
_d44343